01403nam a22002297a 450000500170000000800410001702000180005804000070007604100120008308200180009510000230011324500520013626000360018830000280022436500560025252006140030865000430092265000390096594200120100499900190101695201380103520260122145522.0260122b |||||||| |||| 00| 0 eng d a9780143457121 cAL aEnglish a658.421bNATD aDhruv Nath9252227 aDream founderb: creating a successful start up aHaryanabPenguin businessc2022 axiv,236p.bPBc22x13cm. aBOM5-7455949b₹209.64c₹d₹209.64f14-01-2026 aThe DREAM Founder is an essential entrepreneurship guide for early-stage Indian start-ups. It also has interviews with some of the most successful entrepreneurs in the world of start-ups, such as Sanjeev Bikhchandani of Naukri.com, Deepinder Goyal of Zomato, Meena Ganesh of Portea Medical and Dr Annurag Batra of Businessworld. It includes start-ups that have succeeded and also those who have failed, as you can learn so much from failures. Dhruv Nath shares how you can become a DREAM Founder with these simple steps: · Dream big · Right team · Execution · Attitude · Make opportunities out of crises aEntrepreneurship and Start-Ups9252228 aFounder Mindset and Skills9252229 2ddccBK c240808d240808 00102ddc40708MANaALbALcSKd2026-01-21eamazon.ing209.64l0o658.421 NATDp078065r2026-01-22 09:55:27v209.64w2026-01-14yBK